| 000 | 00425pab a2200157 454500 | ||
|---|---|---|---|
| 008 | 180718b2002 xxu||||| |||| 00| 0 eng d | ||
| 100 | _aSarkar, Sumita | ||
| 245 | _aCombating organized crime as systems strategy: a case of Mumbai metropolis | ||
| 260 | _c2002 | ||
| 300 | _ap.42-53. | ||
| 362 | _aJan-Mar | ||
| 650 | _aCrime - India - Maharashtra | ||
| 650 | _aCrime | ||
| 773 | _aIndian Police Journal | ||
| 909 | _a54965 | ||
| 999 |
_c54965 _d54965 |
||